000 00673nam a2200277Ia 4500
005 20260324111958.0
008 008 260324s9999 xx 000 0 eng d
020 _a9781003589693
037 _aEBOOK
040 _aCRL
040 _beng
040 _cCRL
041 _2eng
041 _aeng
084 _qCRL
100 _aJoseph A. Gallian
_9999643
245 0 _aStudent Solutions Manual for Gallian's Contemporary Abstract Algebra
260 _bTaylor and Francis
260 _c2025
365 _a
365 _b325
856 _uhttp://www.taylorfrancis.com/books/9781003589693
942 _cEBOOK
999 _c1729814
_d1729814